The Fauna of British India including Ceylon and Burma Coleoptera General Introduction and Cicindelidae and Paussidae (Record no. 593095)

MARC details
000 -LEADER
fixed length control field 00672nam a2200145Ia 4500
008 - FIXED-LENGTH DATA ELEMENTS--GENERAL INFORMATION
fixed length control field 100415s9999 xx 000 0 und d
082 ## - DEWEY DECIMAL CLASSIFICATION NUMBER
Item number 10166
Classification number 595.76(54)
100 ## - MAIN ENTRY--PERSONAL NAME
Personal name Fowler WW
245 ## - TITLE STATEMENT
Title The Fauna of British India including Ceylon and Burma Coleoptera General Introduction and Cicindelidae and Paussidae
260 ## - PUBLICATION, DISTRIBUTION, ETC. (IMPRINT)
Place of publication, distribution, etc NEW DELHI
Date of publication, distribution, etc 1912
Name of publisher, distributor, etc TODAY & TOMORROW'S PRINTERS &
365 ## - TRADE PRICE
Price amount 0
630 ## - SUBJECT ADDED ENTRY--UNIFORM TITLE
Uniform title The Fauna of British India including Ceylon and Burma Coleoptera General Introduction and Cicindelidae and Paussidae
730 ## - ADDED ENTRY--UNIFORM TITLE
Uniform title The Fauna of British India including Ceylon and Burma Coleoptera General Introduction and Cicindelidae and Paussidae
942 ## - ADDED ENTRY ELEMENTS (KOHA)
Koha item type Book
Holdings
Withdrawn status Lost status Damaged status Not for loan Home library Current library Date acquired Cost, normal purchase price Total Checkouts Full call number Barcode Date last seen Price effective from Koha item type
        Bombay Natural History Society Bombay Natural History Society 07/10/1998 0.00   595.76(54) 10166 BNHS-10166 04/15/2010 04/15/2010 Book